000 00579nam a22001817a 4500
003 URS
005 20251104125543.0
008 251104b |||||||| |||| 00| 0 eng d
040 _cURS
100 _aFair, C. Chirstine
_eAuthor
245 _aPakistan's Pathway to the Bomb:
_bAmbitions, Politics, and Rivalries/
_cC. Christine Fair
300 _apages 314-317
336 _2rdacontent
_atext
_btxt
337 _2rdamedia
_aunmdiated
_bn
338 _2rdacarrier
_avolume
_bnc
773 0 _07583
_993000
_oPIL-00323195.138.2
_tPolitical science quarterly:
_x00323195
942 _2ddc
_cCR
999 _c88651
_d88648